Medidas penales en derecho contemporáneo: teoría, legislación positiva y realización práctica

Guardat en:
Dades bibliogràfiques
Autor principal: Beristain, Antonio (Autor)
Format: Llibre
Idioma:espanyol
Publicat: Madrid REUS 1974
Matèries:
Etiquetes: Afegir etiqueta
Sense etiquetes, Sigues el primer a etiquetar aquest registre!

MARC

LEADER 00000nam a2200000 a 4500
001 UCV2532
003 CL-VaPUC
008 920813e19740000SP |||||||||||||||||spa|d
082 0 4 |a 345.46  |b BER  |2 21 
100 0 |a Beristain, Antonio  |e author  |9 296771 
245 1 0 |a Medidas penales en derecho contemporáneo: teoría, legislación positiva y realización práctica 
300 |a 436 p 
942 |c BK 
945 |d 19920813 00:00:00 
260 |a Madrid  |b REUS  |c 1974 
650 7 |a DERECHO PENAL  |2 CL-VaPUC  |9 11 
650 0 |a Derecho comparado  |9 255664 
650 0 |a Penas   |9 255927 
651 0 |a España  |9 254926 
583 |a last modification  |c 19920813 00:00:00  |k Rodrigo Vera 
999 |c 210075  |d 210073 
952 |0 0  |1 0  |4 0  |6 345_460000000000000_BER_1974  |7 0  |8 A  |9 186083  |a BIBDER  |b BIBDER  |d 2019-11-14  |i 2535440  |o 345.46 BER 1974  |p 2535440  |r 2019-11-14  |w 2019-11-14  |y BK  |k DER